Eurovision 2026 - Artists & Songs - Statistics

General Stats
  • This quiz has been taken 556 times
    347 since last reset
  • The average score is 48 of 70
Answer Stats
Hint Answer % Correct
Greece Ferto
96%
Moldova Viva, Moldova!
96%
Sweden My System
93%
Belgium Dancing on the Ice
87%
Israel Michelle
87%
Bulgaria Bangaranga
86%
Croatia Lelek
86%
Greece Akylas
85%
Croatia Andromeda
85%
Romania Choke Me
85%
Sweden Felicia
84%
Moldova Satoshi
84%
Cyprus Jalla
83%
Luxembourg Mother Nature
83%
Poland Pray
82%
Malta Bella
81%
Germany Fire
81%
San Marino Superstar
80%
Norway Ya Ya Ya
80%
Bulgaria Dara
78%
Georgia On Replay
78%
Portugal Rosa
78%
Estonia Too Epic to Be True
78%
France Regarde !
77%
Czechia Crossroads
76%
Australia Eclipse
76%
Montenegro Nova zora
76%
Switzerland Alice
73%
Albania Nân
73%
Cyprus Antigoni
71%
France Monroe
71%
Ukraine Leléka
70%
Latvia Ēnā
69%
Azerbaijan Just Go
69%
San Marino Senhit (feat. Boy George)
69%
Estonia Vanilla Ninja
69%
Serbia Kraj mene
68%
Austria Cosmó
67%
Armenia Paloma rumba
67%
Lithuania Sólo quiero más
67%
United Kingdom Look Mum No Computer
65%
Poland Alicja
64%
Georgia Bzikebi
64%
United Kingdom Eins, zwei, drei
64%
Belgium Essyla
64%
Serbia Lavina
64%
Malta Aidan
63%
Luxembourg Eva Marija
63%
Italy Per sempre sì
61%
Albania Alis
60%
Australia Delta Goodrem
60%
Germany Sarah Engels
60%
Italy Sal Da Vinci
59%
Armenia Simón
59%
Israel Noam Bettan
57%
Finland Liekinheitin
56%
Austria Tanzschein
56%
Azerbaijan Jiva
55%
Norway Jonas Lovv
55%
Romania Alexandra Căpitănescu
53%
Ukraine Ridnym
53%
Switzerland Veronica Fusaro
53%
Czechia Daniel Zizka
52%
Lithuania Lion Ceccah
51%
Latvia Atvara
50%
Denmark Før vi går hjem
48%
Finland Linda Lampenius & Pete Parkkonen
46%
Montenegro Tamara Živković
44%
Denmark Søren Torpegaard Lund
41%
Portugal Bandidos do Cante
40%
No matching quizzes found
Score Distribution
Percent of People with Each Score
Percentile by Number Answered
Your Score History
You have not taken this quiz since the last reset